ბათუმის შოთა რუსთაველის სახელმწიფო უნივერსიტეტის ბიბლიოთეკა

Анализ международных ситуаций и политическая экспертиза / (ბიბ.ჩანაწერი № 54252)

000 -LEADER
fixed length control field 01147nam a2200289Ia 4500
001 - CONTROL NUMBER
control field 21308
003 - CONTROL NUMBER IDENTIFIER
control field GE_BSU
005 - DATE AND TIME OF LATEST TRANSACTION
control field 20211021161419.0
008 - FIXED-LENGTH DATA ELEMENTS--GENERAL INFORMATION
fixed length control field 181216s2017||||ru |||||||||||||| ||rus||
020 ## - INTERNATIONAL STANDARD BOOK NUMBER
International Standard Book Number ISBN:978-5-7567-0860-8
040 ## - CATALOGING SOURCE
Transcribing agency GE_BSU
041 ## - LANGUAGE CODE
Language code of text/sound track or separate title rus
080 ## - UNIVERSAL DECIMAL CLASSIFICATION NUMBER
Universal Decimal Classification number 327 Х-95
100 ## - MAIN ENTRY--PERSONAL NAME
Personal name Хрусталев, М. А.
9 (RLIN) 12709
245 ## - TITLE STATEMENT
Title Анализ международных ситуаций и политическая экспертиза /
Statement of responsibility, etc. М. А. Хрусталев ; Научн. ред. А. А.Байков, И. А.Истомин.
250 ## - EDITION STATEMENT
Edition statement 2-е изд-е
264 ## - PRODUCTION, PUBLICATION, DISTRIBUTION, MANUFACTURE, AND COPYRIGHT NOTICE
Place of production, publication, distribution, manufacture Москва :
Name of producer, publisher, distributor, manufacturer Аспект-Пресс,
Date of production, publication, distribution, manufacture, or copyright notice 2017.
300 ## - PHYSICAL DESCRIPTION
Extent 224 стр. ;
Dimensions 21 см.
653 ## - INDEX TERM--UNCONTROLLED
keyword Анализ международных ситуаций и политическая экспертиза
653 ## - INDEX TERM--UNCONTROLLED
keyword Политика
653 ## - INDEX TERM--UNCONTROLLED
keyword პოლიტიკა
700 ## - ADDED ENTRY--PERSONAL NAME
Personal name Байков, А. А.
Relator term Редактор
9 (RLIN) 12710
700 ## - ADDED ENTRY--PERSONAL NAME
Personal name Истомин, И.А.
Relator term Редактор
9 (RLIN) 12711
710 ## - ADDED ENTRY--CORPORATE NAME
Corporate name or jurisdiction name as entry element Московский гос. ин-т междунар. отнош.
9 (RLIN) 12464
942 ## - ADDED ENTRY ELEMENTS (KOHA)
Koha item type წიგნი
Source of classification or shelving scheme
ეგზემპლარები
Withdrawn status Lost status Source of classification or shelving scheme Damaged status Not for loan Permanent Location Current Location Shelving location Date acquired Cost, normal purchase price Full call number Barcode Date last seen Copy number Price effective from Koha item type Public note
          ბათუმის შოთა რუსთაველის სახელმწიფო უნივერსიტეტის მთავარი ბიბლიოთეკა ბათუმის შოთა რუსთაველის სახელმწიფო უნივერსიტეტის მთავარი ბიბლიოთეკა წიგნსაცავი 2018-12-17 42.00 327 Х-95 55220 2018-12-17 55220 2018-12-17 წიგნი 42.00 GEL.